El español de Costa Rica: estudio fonológico generativo

Salvato in:
Dettagli Bibliografici
Autore principale: Wilson, Jack L.
Natura: Libro
Lingua:Undetermined
Pubblicazione: San José, Costa Rica Universidad de Costa Rica [s.f.]
Soggetti:
Tags: Aggiungi Tag
Nessun Tag, puoi essere il primo ad aggiungerne!!

MARC

LEADER 00000nam a2200000Ia 4500
008 170316s9999 xx 000 0 und d
090 |a 410 W-13e 
100 |a Wilson, Jack L. 
245 |a El español de Costa Rica: estudio fonológico generativo 
260 |a San José, Costa Rica 
260 |b Universidad de Costa Rica 
260 |c [s.f.] 
300 |a 119 páginas 
650 |a LINGÜÍSTICA 
999 |c 18813  |d 18813 
040 |a cru BVZT 
942 |c 15 D  |h 410 W-13e  |2 z